| 000 | 00669nam a2200217 u 4500 | ||
|---|---|---|---|
| 005 | 20231123063601.0 | ||
| 008 | 181016s2007 es r 000 0 spa d | ||
| 020 | _a9788421698419 | ||
| 035 | _aUPN01000227295 | ||
| 049 | _aI | ||
| 050 | 4 |
_aQA113 _bD4.7 |
|
| 245 | 0 | 0 |
_aDescubro los números / _ced. Trini Marull ; tr. Virtudes Tardón. |
| 260 |
_aMadrid : _bBruño : _bDorling Kindersley, _c2007. |
||
| 300 |
_a[12] p. pleg. : _bil. col. |
||
| 650 | 4 |
_aCONTEO - _vLITERATURA INFANTIL _911126 |
|
| 650 | 2 |
_aNúmeros enteros _918930 |
|
| 650 | 7 |
_aLibros ilustrados para niños _2 _921365 |
|
| 700 | 1 |
_aMarull, Trini, _eed. |
|
| 905 | _aInfantil | ||
| 999 |
_c199390 _d199390 |
||